[Event "Ruhrgebiet Verbandsbezirksliga Gr 1"]
[Site "Ruhrgebiet"]
[Date "2019.02.10"]
[Round "6.6"]
[White "Hagedorn, Dirk"]
[Black "Przybela, Josef Franz"]
[Result "1/2-1/2"]
[WhiteElo "1721"]
[BlackElo "1620"]
[PlyCount "61"]
[EventDate "2018.09.30"]
[EventType "team-tourn"]
[EventRounds "9"]
[EventCountry "GER"]
[SourceTitle "EXT 2022"]
[Source "ChessBase"]
[SourceDate "2021.10.06"]
[SourceVersion "1"]
[SourceVersionDate "2021.10.06"]
[SourceQuality "1"]
[WhiteTeam "Luenen Horstmar SC"]
[BlackTeam "Hamm Koenigsspringer II"]
[WhiteTeamCountry "GER"]
[BlackTeamCountry "GER"]

1. e4 e5 2. Nf3 d6 3. d4 exd4 4. Nxd4 Nf6 5. Nc3 g6 6. Bg5 Bg7 7. Nd5 c6 8. Nxf6+ Bxf6 9. Bxf6 Qxf6 10. c3 Nd7 11. Qd2 0-0 12. 0-0-0 Nc5 13. f3 Rd8 14. Qe3 Ne6 15. Bc4 Qf4 16. Qxf4 Nxf4 17. g3 Ne6 18. Ne2 b5 19. Bb3 Nc5 20. Rd2 a5 21. Nd4 Bb7 22. Rhd1 Rd7 23. Bc2 Rad8 24. Ne2 Ba6 25. Nd4 Bb7 26. Nb3 Nxb3+ 27. Bxb3 a4 28. Bc2 Kf8 29. Bd3 Ke7 30. Bf1 Rc7 31. Bh3 1/2-1/2

[Event "Ruhrgebiet Verbandsklasse Gruppe 3 1718"]
[Site "Germany"]
[Date "2018.02.25"]
[Round "7.6"]
[White "Hagedorn, Dirk"]
[Black "Heiming, Thomas"]
[Result "0-1"]
[WhiteElo "1764"]
[BlackElo "1813"]
[PlyCount "132"]
[EventDate "2017.09.17"]
[EventType "team-tourn"]
[EventRounds "9"]
[EventCountry "GER"]
[SourceTitle "EXT 2022"]
[Source "ChessBase"]
[SourceDate "2021.10.06"]
[SourceVersion "1"]
[SourceVersionDate "2021.10.06"]
[SourceQuality "1"]
[WhiteTeam "Luenen Horstmar SC"]
[BlackTeam "Hervest Dorsten"]
[WhiteTeamCountry "GER"]
[BlackTeamCountry "GER"]

1. e4 c5 2. d4 cxd4 3. c3 e5 4. Nf3 Nc6 5. Bc4 Be7 6. 0-0 Nf6 7. cxd4 d6 8. d5 Nb8 9. Nc3 0-0 10. h3 a6 11. a4 Ne8 12. Be3 Kh8 13. a5 Nd7 14. Na4 f5 15. Bb6 Nxb6 16. Nxb6 Rb8 17. Bd3 Nf6 18. Nd2 fxe4 19. Nxe4 Nd7 20. Nc4 Nf6 21. Nb6 Nd7 22. Nxd7 Bxd7 23. Nxd6 Bxd6 24. Qh5 g6 25. Bxg6 Qe7 26. Rac1 Rg8 27. Be4 Rg5 28. Qh6 Bf5 29. Bxf5 Rxf5 30. g4 Rf6 31. Qe3 Rbf8 32. Qg5 Qf7 33. Qd2 Rf3 34. Rc3 Qf4 35. Qxf4 R3xf4 36. Rd3 Rc8 37. Rb3 Rb4 38. Rxb4 Bxb4 39. Rd1 Rd8 40. Kg2 Bxa5 41. d6 Kg7 42. Rd5 Bb4 43. Rxe5 Bxd6 44. Rd5 Be7 45. Rxd8 Bxd8 46. f4 a5 47. Kf3 Kf6 48. Ke4 Ke6 49. g5 b5 50. f5+ Kd6 51. h4 a4 52. f6 Ke6 53. Kd4 Bb6+ 54. Ke4 Bf2 55. h5 Bh4 56. Kd4 Bf2+ 57. Ke4 b4 58. Kd3 a3 59. bxa3 bxa3 60. Kc3 Bc5 61. Kb3 Kf7 62. Ka2 Bf8 63. Kb3 Ke6 64. Ka2 Kf5 65. g6 hxg6 66. h6 Kxf6 0-1

[Event "Ruhrgebiet Bezirksliga 15/16"]
[Site "Ruhrgebiet"]
[Date "2015.10.25"]
[Round "3.5"]
[White "Hagedorn, Dirk"]
[Black "Happel, Juergen"]
[Result "1/2-1/2"]
[WhiteElo "1758"]
[BlackElo "1626"]
[PlyCount "40"]
[EventDate "2015.08.30"]
[EventType "team-tourn"]
[EventRounds "9"]
[EventCountry "GER"]
[SourceTitle "EXT 2022"]
[Source "ChessBase"]
[SourceDate "2021.10.06"]
[SourceVersion "1"]
[SourceVersionDate "2021.10.06"]
[SourceQuality "1"]
[WhiteTeam "Luenen Horstmar SC"]
[BlackTeam "Hamm Koenigsspringer II"]
[WhiteTeamCountry "GER"]
[BlackTeamCountry "GER"]

1. e4 c6 2. d4 d5 3. Nd2 dxe4 4. Nxe4 Bf5 5. Ng3 Bg6 6. Nf3 Nf6 7. Bd3 e6 8. 0-0 Be7 9. Re1 0-0 10. c3 Nbd7 11. Bg5 Nd5 12. Bxe7 Nxe7 13. Qc2 Bxd3 14. Qxd3 Ng6 15. Rad1 Nf6 16. Ne5 Qc7 17. Qf3 Rad8 18. Nh5 Nxh5 19. Qxh5 Nxe5 20. Rxe5 Rd5 1/2-1/2

[Event "NRW Verbandsklasse Group2 1314"]
[Site "Nordrheinwestfalen"]
[Date "2013.11.24"]
[Round "4"]
[White "Schiefelbusch, Dirk"]
[Black "Hagedorn, Dirk"]
[Result "1-0"]
[WhiteElo "2091"]
[BlackElo "1769"]
[PlyCount "77"]
[EventDate "2013.09.08"]
[EventType "team-tourn"]
[EventRounds "9"]
[EventCountry "GER"]
[SourceTitle "EXT 2020"]
[Source "ChessBase"]
[SourceDate "2019.10.17"]
[SourceVersion "1"]
[SourceVersionDate "2019.10.17"]
[SourceQuality "1"]
[WhiteTeam "Dortmund Hansa III"]
[BlackTeam "Luenen Horstmar SC"]
[WhiteTeamCountry "GER"]
[BlackTeamCountry "GER"]

1. c4 e5 2. Nc3 Nf6 3. g3 d6 4. Bg2 Nc6 5. Nf3 Be6 6. b3 Be7 7. 0-0 h6 8. d4 exd4 9. Nxd4 Bd7 10. Nxc6 Bxc6 11. Bxc6+ bxc6 12. Bb2 Qd7 13. Qd3 Qh3 14. Qf3 Kd7 15. Rad1 Ng4 16. Qg2 Qxg2+ 17. Kxg2 f5 18. e4 fxe4 19. Nxe4 Bf6 20. Nxf6+ Nxf6 21. Rfe1 Rhe8 22. Kf3 Re6 23. Rxe6 Kxe6 24. Re1+ Kf7 25. Kf4 a6 26. g4 Rh8 27. h4 Nd7 28. h5 Nf6 29. Re3 Re8 30. Rxe8 Nxe8 31. Kf5 Nf6 32. f4 Ng8 33. g5 Ne7+ 34. Ke4 Ng8 35. g6+ Kf8 36. Kf5 Ne7+ 37. Ke6 Ng8 38. Kd7 Ne7 39. Bxg7+ 1-0

[Event "NRW Verbandsklasse Group2 1314"]
[Site "Nordrheinwestfalen"]
[Date "2013.10.13"]
[Round "2.4"]
[White "Hagedorn, Dirk"]
[Black "Schlenter, Ruediger"]
[Result "0-1"]
[WhiteElo "1769"]
[BlackElo "1860"]
[PlyCount "42"]
[EventDate "2013.09.08"]
[EventType "team-tourn"]
[EventRounds "9"]
[EventCountry "GER"]
[SourceTitle "EXT 2020"]
[Source "ChessBase"]
[SourceDate "2019.10.17"]
[SourceVersion "1"]
[SourceVersionDate "2019.10.17"]
[SourceQuality "1"]
[WhiteTeam "Luenen Horstmar SC"]
[BlackTeam "Muelheim Nord IV"]
[WhiteTeamCountry "GER"]
[BlackTeamCountry "GER"]

1. e4 d6 2. d4 g6 3. Nf3 Bg7 4. Bd3 Nd7 5. 0-0 e6 6. Re1 Ne7 7. Be3 b6 8. Qd2 h6 9. c4 Bb7 10. Nc3 a6 11. Rac1 Rc8 12. h3 Kf8 13. Bb1 Kg8 14. Nh2 Kh7 15. Ng4 Qf8 16. h4 f5 17. Nh2 e5 18. exf5 Nxf5 19. h5 exd4 20. Bxf5 Qxf5 21. hxg6+ Qxg6 0-1